书目信息 |
| 题名: |
义务教育日语课程标准(2022年版)解读
|
|
| 作者: | 林洪 , 徐一平 主编 ;义务教育日语课程标准修订组 编写 | |
| 分册: | ||
| 出版信息: | 北京 北京师范大学出版社 2022 |
|
| 页数: | 187页 | |
| 开本: | 26cm | |
| 丛书名: | 义务教育课程标准解读丛书 | |
| 单 册: | ||
| 中图分类: | G633.461 | |
| 科图分类: | ||
| 主题词: | 日语课--义务教育--课程标准 | |
| 电子资源: | ||
| ISBN: | 978-7-303-27993-7 | |
| 000 | 01151nam 2200289 450 | |
| 001 | 012024000072 | |
| 005 | 20240924225023.0 | |
| 010 | @a978-7-303-27993-7@dCNY34.00 | |
| 100 | @a20240924d2022 em y0chiy50 ea | |
| 101 | 0 | @achi |
| 102 | @aCN@b110000 | |
| 105 | @ay z 000yy | |
| 106 | @ar | |
| 200 | 1 | @a义务教育日语课程标准(2022年版)解读@Ayi wu jiao yu ri yu ke cheng biao zhun (2022 nian ban ) jie du@f林洪,徐一平主编@g义务教育日语课程标准修订组编写 |
| 210 | @a北京@c北京师范大学出版社@d2022 | |
| 215 | @a187页@d26cm | |
| 225 | 2 | @a义务教育课程标准解读丛书 |
| 304 | @a课程教材研究所组织编写 | |
| 330 | @a本书分为义务教育日语课程标准修订的背景、理念与目标,义务教育日语课程内容与学业质量解读,义务教育日语课程实施与展望三篇。 | |
| 410 | 0 | @12001 @a义务教育课程标准解读丛书 |
| 606 | 0 | @a日语课@x义务教育@x课程标准 |
| 690 | @aG633.461@v5 | |
| 701 | 0 | @a林洪@Alin hong@4主编 |
| 701 | 0 | @a徐一平@Axu yi ping@4主编 |
| 712 | 02 | @a义务教育日语课程标准修订组@Ayi wu jiao yu ri yu ke cheng biao zhun xiu ding zu@4编写 |
| 801 | 0 | @aCN@bAHXH@c20240924 |
| 905 | @b214132357@b214132366@b214132375@b214132384@b214132393@dG633.461@e1062@f5 | |
| 义务教育日语课程标准(2022年版)解读/林洪,徐一平主编/义务教育日语课程标准修订组编写.-北京:北京师范大学出版社,2022 |
| 187页;26cm.-(义务教育课程标准解读丛书) |
| ISBN 978-7-303-27993-7:CNY34.00 |
| 本书分为义务教育日语课程标准修订的背景、理念与目标,义务教育日语课程内容与学业质量解读,义务教育日语课程实施与展望三篇。 |
| ● |
| 相关链接 |
|
|
|
|
正题名:义务教育日语课程标准(2022年版)解读
索取号:G633.461/1062
 
预约/预借
| 序号 | 登录号 | 条形码 | 馆藏地/架位号 | 状态 | 备注 |
| 1 | 1413235 | 214132357 | 第一样本阅览室/ [索取号:G633.461/1062] | 在馆 | |
| 2 | 1413236 | 214132366 | 第四借阅区/ [索取号:G633.461/1062] | 在馆 | |
| 3 | 1413237 | 214132375 | 第四借阅区/ [索取号:G633.461/1062] | 在馆 | |
| 4 | 1413238 | 214132384 | 第四借阅区/ [索取号:G633.461/1062] | 在馆 | |
| 5 | 1413239 | 214132393 | 第四借阅区/ [索取号:G633.461/1062] | 在馆 |